1372 1735 1103 1805 1354 1211 1675 1567 1516 1431 1527 1406 1547 1462 1020 1591 1734 1592 1729 1616 1642 1719 1077 1472 1473 1233 1415 1294 1946 1283 1322 1360 1200 1894 1348 1012 1336 1307 1017 1005 1681 1491 1880 1057 1541 1793 1214 1919 1103 1343 1321 1441 1087 1070 1527 1596 1316 1303 1873 1021 1701 1277 1967 1330 1008 1522 1029 1988 1712 1222 1134 1447 1905 1646 1111 1191 1482 1728 1663 1518 1732 1000 1003 1879 1045 1954 1920 1630 1150 1602 1945 1073 1260 1875 1860 1595 1433 1352 1583 BCNSPRNW ULIB Ver.6.0+V

เปลี่ยนเป็นภาษาไทย

Change to English
 แสดงรายละเอียดบรรณานุกรม
  กลับหน้าหลัก

Brief Record : Get Marc (ISO 2709) : E-mail record : QR code < ปิดหน้าต่าง
LEADER : 00000nam 2200000uu 4500
001    13399126203
003     ULIB
008    180725s2017||||th 000 0 tha d
020    ^a9780323392457
060    ^aWY159^bN974
245    ^aNursing Key Topics Review:Pediatrics.
260    ^aLouis, Missouri :^bElsevier Limited,^c2017
300    ^a455 pages;^b26 cm
650    ^aNursing^xPediatrics
945    ^p0^l0^i26420
999    ^aกัณชพร จุลอักษร
รายการนี้ยังไม่มีแท็ก
คุณยังไม่ได้ล็อกอิน คุณสามารถมีกิจกรรมร่วมกับเว็บไซต์ได้ แต่ต้องล็อกอินก่อน ::
  ล็อกอิน

รายการสื่อสารสนเทศ

ลำดับที่ ประเภท เลขเรียก/บาร์โค้ด สถานที่ สถานะ
1. วิทยาศาสตร์การแพทย์ และสุขภาพ
วิทยาศาสตร์การแพทย์ และสุขภาพ
WY159 N974 ฉ.1 
  Barcode: 26420
ห้องสมุดวิทยาเขตนครสวรรค์
►หนังสือทั่วไป:l:General Books
บนชั้น

รายการใกล้เคียง
    ชื่อเรื่อง [Nursing Key Topics Review:Pediatrics.]

BibComment


ยังไม่เคยถูกคอมเมนท์

คอมเมนท์ทรัพยากรรายการนี้
  คอมเมนท์: Nursing Key Topi..


 Copyright 2026. Bcnsprnw @Library